| 000 | 00574nam a22001577a 4500 | ||
|---|---|---|---|
| 005 | 20120430112823.0 | ||
| 020 | _c00.00 | ||
| 035 | _aA-386973 | ||
| 037 |
_aDPL _bENG |
||
| 245 |
_aRegional organisations : _bA third world perspective / _cedited by Rama S. Melkote |
||
| 260 |
_aNew Delhi _bSterling Publishers Pvt. Ltd. _c1990 |
||
| 300 |
_axix, 206p. _c20 cms. |
||
| 700 |
_aMelkote, Rama S. _946029 |
||
| 942 |
_2ddc _cEN _h327 _mMEL |
||
| 999 |
_c65805 _d65805 |
||